| 000 | 00661nam a2200229Ia 4500 | ||
|---|---|---|---|
| 003 | OSt | ||
| 005 | 20221006164611.0 | ||
| 006 | a|||||r|||| 00| 0 | ||
| 007 | ta | ||
| 008 | 221006b |||||||| |||| 00| 0 hin d | ||
| 024 | _a6,152 | ||
| 037 | _cTextual | ||
| 040 |
_aFML _cFML _bhin |
||
| 041 |
_2hin _ahin |
||
| 082 | _aNR44xK#, P8 | ||
| 100 |
_aSrivastawa Suman Lata Au. _9677872 |
||
| 245 | 0 | _aSangitadhiraj Hridaynarayan Dev Hriday Kautukam, Hriday Prakashah | |
| 260 |
_aDelhi _bVidya Nidhi Prakashan India _c2008 |
||
| 300 |
_a351 _ccm. |
||
| 942 |
_hNR44xK#, P8 _cTEXL _2CC |
||
| 999 |
_c1117808 _d1117808 |
||